00292nam a2200121Ia 4500008004100000082001500041100001900056245004400075250000800119260002700127300000800154650000800162191201s2006 xx 000 0 und d a658.3bDOI aDOWLING, Peter 0aInternational Human Resource Management a4th aN.DelhibThomsonc2006 a333 aMBA